| Tag |
First Indicator |
Second Indicator |
Subfields |
| LEADER |
00000cam a2200000 a 4500 |
| 001 |
in00002724857 |
| 005 |
20190205091528.0 |
| 008 |
110608s2011 ncu 000 1 eng |
| 010 |
|
|
|a 2011022799
|
| 020 |
|
|
|a 9781565126299 (hbk.)
|
| 020 |
|
|
|a 1565126297 (hbk.)
|
| 029 |
1 |
|
|a AU@
|b 000047819577
|
| 029 |
1 |
|
|a NZ1
|b 13892670
|
| 029 |
1 |
|
|a AU@
|b 000047149147
|
| 035 |
|
|
|a (OCoLC)ocn712124017
|
| 035 |
|
|
|a (OCoLC)712124017
|
| 040 |
|
|
|a DLC
|c DLC
|d IG#
|d BTCTA
|d YDXCP
|d IH9
|d IEP
|d BWX
|d CDX
|d ZCU
|d UtOrBLW
|
| 049 |
|
|
|a TXAM
|
| 050 |
0 |
0 |
|a PS3610.O6556
|b W47 2011
|
| 082 |
0 |
0 |
|a 813/.6
|2 22
|
| 100 |
1 |
|
|a Jordan, Hillary,
|d 1963-
|
| 245 |
1 |
0 |
|a When she woke :
|b a novel /
|c by Hillary Jordan.
|
| 250 |
|
|
|a 1st ed.
|
| 264 |
|
1 |
|a Chapel Hill, N.C. :
|b Algonquin Books of Chapel Hill,
|c 2011.
|
| 300 |
|
|
|a 344 pages ;
|c 22 cm.
|
| 336 |
|
|
|a text
|b txt
|2 rdacontent
|
| 337 |
|
|
|a unmediated
|b n
|2 rdamedia
|
| 338 |
|
|
|a volume
|b nc
|2 rdacarrier
|
| 520 |
|
|
|a In the future, abortion has become a crime as a series of events threatens the existence of the United States. One woman wakes up to discover that her skin color has been changed to red as punishment for having the procedure done. Now she must embark on a dangerous journey in order to find refuge from a hostile and threatening society.
|
| 541 |
0 |
|
|a Donated by Hal Hall
|d 20180801
|
| 650 |
|
0 |
|a Dystopias
|v Fiction.
|
| 655 |
|
0 |
|a Political fiction.
|
| 938 |
|
|
|a Ingram
|b INGR
|n 9781565126299
|
| 938 |
|
|
|a Baker and Taylor
|b BTCP
|n BK0009752101
|
| 938 |
|
|
|a YBP Library Services
|b YANK
|n 6934039
|
| 938 |
|
|
|a Blackwell Book Service
|b BBUS
|n 6934039
|
| 938 |
|
|
|a Coutts Information Services
|b COUT
|n 17693290
|
| 947 |
|
|
|a A14840485637
|
| 945 |
|
|
|a PromptCat
|b 715803
|
| 946 |
|
|
|a stk
|
| 994 |
|
|
|a 92
|b TXA
|
| 948 |
|
|
|a Cataloged
|b h
|c 2012/1/17
|d c
|e EGrant
|
| 999 |
|
|
|a MARS
|
| 999 |
f |
f |
|s 1434bdfc-fc3f-3a64-af42-e404d6fde82e
|i 9daca083-691c-3413-931f-9083b89e48e6
|t 0
|
| 952 |
f |
f |
|p noncirc
|a Texas A&M University
|b College Station
|c Cushing Memorial Library & Archives
|d Cushing: Science Fiction (Does not check out)
|t 0
|e PS3610.O6556 W47 2011
|h Library of Congress classification
|i unmediated -- volume
|
| 952 |
f |
f |
|p normal
|a Texas A&M University
|b College Station
|c Sterling C. Evans Library
|d Evans: Library Stacks
|t 0
|e PS3610.O6556 W47 2011
|h Library of Congress classification
|i unmediated -- volume
|m A14840485637
|
| 998 |
f |
f |
|a PS3610.O6556 W47 2011
|t 0
|l Evans: Library Stacks
|
| 998 |
f |
f |
|a PS3610.O6556 W47 2011
|t 0
|l Cushing: Science Fiction (Does not check out)
|